000 00355pab a2200157 454500
008 180718b2008 xxu||||| |||| 00| 0 eng d
100 _aAtal Yogesh
245 _aA note on the concept of tribe
260 _c2008
300 _ap.441-50.
362 _aOct-Dec
650 _aTribes
773 _aEastern Anthropologist
908 _aN
909 _a82226
999 _c82226
_d82226